00472nam a2200169Ia 45000010006000000050017000060080041000230200018000640400013000820820019000951000023001142450092001372600042002293000011002715460007002826500013002891224920260318113704.0140401s9999 xx 000 0 und d a0-13-602616-8 cPK-LaUMT a 153.15bLEI-L aLeider, Richard J. aLife skills : btaking charge of your personal and professional /cby Richard J. Leider aNew Jersey,USA:bPrentice-Hall,c1994 a196 p. aEN aLearning